000
00345nam a2200145Ia 4500
008
240624s9999 xx 000 0 und d
041
_a
eng
082
_a
519.5 WAR
100
_a
WARD MICHAEL D
245
_a
SPATIAL REGRESSION MODELS
250
_a
(2nd ed.)
260
_c
2019
_a
London
_b
Sage
300
_a
xv, 112 p.; 23 cm.
365
_c
_b
35
999
_c
31712
_d
31712